[Event "ch-USA Girls 2025"]
[Site "Saint Louis USA"]
[Date "2025.07.24"]
[Round "9.1"]
[White "Su, Jasmine Zhixin"]
[Black "Tang, Zoey"]
[Result "0-1"]
[BlackTitle "FM"]
[WhiteElo "2189"]
[BlackElo "2371"]
[WhiteFideId "30974909"]
[BlackFideId "30952530"]
[EventDate "2025.07.15"]

1. e4 c5 2. Nf3 a6 3. c3 d5 4. exd5 Qxd5 5. d4 e6 6. Be2 cxd4 7. cxd4 Nf6 8. Nc3
Qd8 9. O-O Nc6 10. Be3 Bd6 11. Rc1 O-O 12. h3 h6 13. Bd3 Nb4 14. Bb1 b5 15. Ne5
Bb7 16. Qd2 Re8 17. Rfe1 Bf8 18. a3 Nbd5 19. Nxd5 Bxd5 20. f3 Rc8 21. Qd3 Rxc1
22. Rxc1 Bd6 23. Ng4 Nxg4 24. fxg4 Qh4 25. Bf2 Qg5 26. Be3 Qh4 27. Bf2 Bh2+ 28.
Kxh2 Qxf2 29. Rc2 Qf4+ 30. g3 Qf3 31. Qxf3 Bxf3 32. Rc3 Bd5 33. Kg1 g5 34. Kf2
b4 35. axb4 Rb8 36. Bd3 Rxb4 37. Bxa6 Rxd4 38. Be2 Rb4 39. Rc2 Rb3 40. Rd2 Kg7
41. Bd1 Rb4 42. Ke3 Kf6 43. Kd3 Ke5 44. Re2+ Kd6 45. Rd2 f5 46. gxf5 exf5 47. b3
Ke5 48. Kc3 Rb8 49. Re2+ Be4 50. b4 Rc8+ 51. Kb3 Kd4 52. Rd2+ Ke3 53. Re2+ Kd3
54. Rh2 Bd5+ 55. Kb2 Ra8 56. Rc2 Rb8 57. Be2+ Ke3 58. Bh5 Rxb4+ 59. Kc1 Rc4 60.
Rxc4 Bxc4 61. Bg6 f4 62. gxf4 gxf4 63. Kd1 f3 0-1

[Event "ch-USA Girls 2025"]
[Site "Saint Louis USA"]
[Date "2025.07.24"]
[Round "9.2"]
[White "Li, Rachael"]
[Black "Yan, Ruiyang"]
[Result "1/2-1/2"]
[WhiteTitle "WFM"]
[BlackTitle "FM"]
[WhiteElo "2162"]
[BlackElo "2209"]
[WhiteFideId "30929849"]
[BlackFideId "30919860"]
[EventDate "2025.07.15"]

1. e4 c5 2. Nc3 e6 3. g3 d5 4. d3 Nf6 5. Bg2 dxe4 6. Nxe4 Be7 7. Ne2 Nxe4 8.
Bxe4 O-O 9. O-O Qb6 10. c3 Bd7 11. Qc2 Bc6 12. Be3 Nd7 13. Rad1 Nf6 14. Bxc6
Qxc6 15. f3 e5 16. Bg5 Nd5 17. Bxe7 Nxe7 18. f4 exf4 19. Nxf4 Ng6 20. Nxg6 Qxg6
21. Qf2 b6 22. Qf5 Qxf5 23. Rxf5 Rad8 24. Re5 f6 25. Re7 Rf7 26. Rxf7 Kxf7 27.
Kf2 Ke6 28. Ke3 Ke5 29. Kf3 Ke6 30. Ke3 Ke5 31. Kf3 Ke6 32. Ke3 1/2-1/2

[Event "ch-USA Girls 2025"]
[Site "Saint Louis USA"]
[Date "2025.07.24"]
[Round "9.3"]
[White "Mou, Iris"]
[Black "Paragua, Megan Althea"]
[Result "0-1"]
[WhiteTitle "WIM"]
[BlackTitle "FM"]
[WhiteElo "2271"]
[BlackElo "2249"]
[WhiteFideId "30939836"]
[BlackFideId "30973007"]
[EventDate "2025.07.15"]

1. e4 c5 2. Nf3 Nf6 3. e5 Nd5 4. Nc3 e6 5. Ne4 d6 6. exd6 Bxd6 7. Bb5+ Nc6 8.
Bxc6+ bxc6 9. Nxd6+ Qxd6 10. O-O f6 11. d3 e5 12. Nd2 O-O 13. Qe1 Rb8 14. b3 Qe7
15. Ne4 f5 16. Nd2 Ba6 17. f3 Rf6 18. Bb2 Re6 19. Kh1 Re8 20. Qf2 Nb6 21. Rae1
Nd7 22. Re3 Qd6 23. Rfe1 R6e7 24. f4 exf4 25. Rxe7 Rxe7 26. Rxe7 Qxe7 27. Qxf4
Qe2 28. c4 Qd1+ 29. Nf1 Qxd3 30. Qf2 Nf8 31. h3 Ne6 32. Kh2 Bc8 33. Be5 Qe4 34.
Bb8 f4 35. Bxa7 Qe5 36. Bb6 f3+ 37. g3 Qe2 38. Bxc5 Nxc5 39. Kg1 Nd3 0-1

[Event "ch-USA Girls 2025"]
[Site "Saint Louis USA"]
[Date "2025.07.24"]
[Round "9.4"]
[White "Gaw, Chloe"]
[Black "Wu, Rochelle"]
[Result "1/2-1/2"]
[WhiteTitle "WIM"]
[BlackTitle "FM"]
[WhiteElo "2172"]
[BlackElo "2213"]
[WhiteFideId "30966892"]
[BlackFideId "30908132"]
[EventDate "2025.07.15"]

1. d4 Nf6 2. c4 e6 3. Nc3 Bb4 4. e3 d5 5. a3 Bxc3+ 6. bxc3 c6 7. Bd3 b6 8. cxd5
cxd5 9. Ne2 O-O 10. O-O Ba6 11. Bb2 Bxd3 12. Qxd3 Nc6 13. f3 Na5 14. e4 Qd7 15.
e5 Ne8 16. a4 Nc7 17. Ba3 Rfc8 18. Bd6 Ne8 19. Bb4 Nc4 20. a5 bxa5 21. Bxa5 Rcb8
22. Ra2 Rb5 23. Rfa1 Rab8 24. Bb4 R8b7 25. Nc1 f5 26. f4 Qf7 27. Nb3 h6 28. Nc5
Re7 29. Na6 Reb7 30. Nc5 Re7 31. Na6 Reb7 32. Nc5 Re7 33. Na6 1/2-1/2

[Event "ch-USA Girls 2025"]
[Site "Saint Louis USA"]
[Date "2025.07.24"]
[Round "9.5"]
[White "Qiu, Laurie"]
[Black "Atwell, Rose"]
[Result "1-0"]
[WhiteTitle "WFM"]
[BlackTitle "FM"]
[WhiteElo "2031"]
[BlackElo "2271"]
[WhiteFideId "30998190"]
[BlackFideId "30951011"]
[EventDate "2025.07.15"]

1. d4 Nf6 2. c4 g6 3. Nc3 d5 4. Nf3 Bg7 5. Qb3 dxc4 6. Qxc4 Be6 7. Qa4+ Bd7 8.
Qc2 c5 9. d5 O-O 10. e4 e6 11. Be3 exd5 12. exd5 Re8 13. Be2 Ng4 14. Bg5 f6 15.
Bf4 g5 16. Bg3 f5 17. h4 f4 18. Nxg5 fxg3 19. Qxh7+ Kf8 20. fxg3 Ne3 21. Qg6 Qe7
22. Nce4 Kg8 23. d6 Qe5 24. Bc4+ Re6 25. Bxe6+ Bxe6 26. Qxe6+ Qxe6 27. Nxe6 Nc2+
28. Kd2 Nxa1 29. Nc7 Bxb2 30. Nxa8 c4 31. Rb1 Be5 32. Nc3 Bxd6 33. Rxa1 Bxg3 34.
h5 Na6 35. Rf1 Kg7 36. Rf3 Bh4 37. g4 Bg5+ 38. Kc2 Nb4+ 39. Kd1 Bd8 40. Rf5 Kh6
41. Rf7 Nd3 42. Rxb7 Nf2+ 43. Kc2 Nxg4 44. Rxa7 Kxh5 45. Nc7 Ne5 46. Ne6 Nc6 47.
Rh7+ Kg6 48. Rd7 Nb4+ 49. Kd2 Ba5 50. Ra7 Bb6 51. Rb7 Ba5 52. Rb5 Nc6 53. Rc5 1-0